Hayloft II - Mother Mother - All Lyrics - Statistics

General Stats
  • This quiz has been taken 190 times
  • The average score is 291 of 334
Answer Stats
Answer % Correct
a
99%
A
99%
a)
99%
ga-ga-ga-ga
98%
got
98%
I
97%
(I
97%
gun
96%
gun)
96%
Hey
96%
the
96%
to
96%
you
96%
You
96%
My
95%
(My
95%
hayloft?
93%
lovers?
93%
An
92%
an
92%
what
92%
and
91%
happened
91%
He
91%
on
91%
on,
91%
shot
91%
young,
91%
young
91%
Blo-blood
90%
blood
90%
One
90%
other
90%
run
90%
run)
90%
baby's
89%
It
89%
it
89%
(It
89%
better
88%
do
88%
his
88%
in
88%
crack
86%
crack,
86%
Whatever
86%
Drugs
85%
street
85%
boom
84%
boom)
84%
knees,
83%
lost
83%
She
83%
(She
83%
she
83%
goes
81%
ground,
80%
history
80%
about
79%
back
79%
Burnt
79%
old
79%
singing
79%
song
79%
eye
78%
eye,
78%
for
78%
bloody
77%
but
77%
But
77%
her
77%
Pop?
77%
Pop,
77%
Pop
77%
leg
76%
punks
76%
ass
75%
long
75%
make
75%
took
75%
With
75%
had
74%
heart
74%
not
73%
really
73%
really,
73%
bad
72%
that
72%
didn't
71%
johns
71%
shack
70%
doesn't
69%
kid
69%
kill
69%
She's
69%
they
69%
They
69%
wanna
69%
cray
65%
girl
62%
un-break
62%
gone
61%
messy
60%
couldn't
55%
crucify
54%
crucify)
54%
They're
53%
die!
52%
face
52%
off
44%
No matching quizzes found
Score Distribution
Percent of People with Each Score
Percentile by Number Answered
Your Score History
You have not taken this quiz